Normal view
MARC view
- Muhammad Zubair Ahmad
Entry Personal Name
001 - CONTROL NUMBER
- control field: 98727
003 - CONTROL NUMBER IDENTIFIER
- control field: NUST
005 - DATE AND TIME OF LATEST TRANSACTION
- control field: 20220831120547.0
008 - FIXED-LENGTH DATA ELEMENTS
- fixed length control field: 220831|| aca||aabn | a|a d
040 ## - CATALOGING SOURCE
- Original cataloging agency: NUST
- Transcribing agency: NUST
100 ## - HEADING--PERSONAL NAME
- Personal name: Muhammad Zubair Ahmad
670 ## - SOURCE DATA FOUND
- Source citation: Work cat.: (NUST)13397: Muhammad Zubair Ahmad, Parametric analysis of joint time-frequency analysis techniques: application to non-destructive testing and optical thermometry, 2015
